Arquitectura sin barreras

Guardat en:
Dades bibliogràfiques
Autor principal: Romero Mejías, Juan Antonio (Autor)
Format: Llibre
Idioma:espanyol
Publicat: Madrid Fundación Ande 1997
Matèries:
Etiquetes: Afegir etiqueta
Sense etiquetes, Sigues el primer a etiquetar aquest registre!

MARC

LEADER 00000nam a2200000 a 4500
001 UCO0470
003 CL-VaPUC
008 000420e19970000SP |||||||||||||||||spa|d
082 0 4 |a 720.42  |b ROM  |2 21 
100 0 |a Romero Mejías, Juan Antonio  |e author  |9 441766 
245 1 0 |a Arquitectura sin barreras 
300 |a 202 p 
942 |c BK 
945 |d 20000420 00:00:00  |a rbrito 
260 |a Madrid  |b Fundación Ande  |c 1997 
650 0 |a Arquitectura para impedidos  |9 441767 
650 7 |a IMPEDIDOS FISICAMENTE  |2 CL-VaPUC  |9 307526 
650 7 |a MINUSVALIDOS FISICOS  |2 CL-VaPUC  |9 334759 
650 0 |a Educación especial  |9 307486 
583 |a last modification  |c 20000420 00:00:00  |k Rodrigo Vera 
999 |c 287169  |d 287167 
952 |0 0  |1 0  |4 0  |6 720_420000000000000_ROM_1997  |7 0  |8 A  |9 333627  |a BIBEDU  |b BIBEDU  |d 2019-11-20  |i 3608298  |o 720.42 ROM 1997  |p 3608298  |r 2019-11-20  |w 2019-11-20  |y BK  |k BME